Economa̕, empresa y justicia Nuevos retos para el futuro /

Bibliographic Details
Main Author: Přez Calle, Ricardo
Other Authors: Trincado Aznar, Estrella, Gallego Abaroa, Elena
Format: eBook
Language:Spanish
Published: Madrid: Dykinson, 2021
Subjects:
Online Access:Acceso restringido

MARC

LEADER 00000nam a22000007a 4500
005 20220620154852.0
007 cr|||| ||||
008 220620s2021 es |||||s|||| 00||0 spa d
020 |a 978-84-1377-326-1 
035 |a 35763 
040 |a vLex 
090 |c 13430  |d 13430 
100 1 |a Přez Calle, Ricardo 
245 1 0 |a Economa̕, empresa y justicia  |h [Recurso electrn̤ico] :  |b Nuevos retos para el futuro /  |c Ricardo Přez Calle, Estrella Trincado Aznar, Elena Gallego Abaroa 
256 |a Servicio en ln̕ea 
260 |a Madrid:  |b Dykinson,  |c 2021 
300 |a 1 recurso electrn̤ico 
500 |a El futuro de esta tercera dčada del siglo XXI y las siguientes se presenta con notable claridad en cuanto al avance imparable de las Finanzas sostenibles, con una vuelta a los org̕enes ťicos de la Economa̕ y las Finanzas, as ̕como tambiň las Finanzas del comportamiento trufadas de Psicologa̕, Sociologa̕ e Historia. Tambiň, por la necesidad de complementos interdisciplinares entre Economa̕, Derecho y Finanzas de Empresa as ̕como al mismo tiempo, en principio paradj̤icamente, la necesidad de una mayor especializacin̤ en estas disciplinas, tanto acadm̌ica como profesionalmente, dada su autonoma̕ en cuanto a objeto, objetivos, metodologa̕ e historia. El lector tiene en sus manos un excelente compendio de lo ms̀ actual, de vanguardia y futuro relacionado con "Economa̕, Empresa y Justicia. Nuevos retos para el futuro" que, como mn̕imo, le obligar ̀a algo que en amplios sectores de la sociedad se est ̀perdiendo, que es reflexionar y pensar pausadamente con fundamento. 
506 1 |a Disponible solo en los productos indicados  |d vLex Global  |d vLex Global (Academic Edition, excluding Law Schools)  |d vLex Global (U.S. Academic Edition, Law Schools)  |d vLex Global (U.S. Academic Edition, excluding Law Schools)  |d vLex Global (Academic Edition, Law Schools) 
650 0 4 |a Economa̕ y negocios  |z Espaą 
700 1 |a Trincado Aznar, Estrella 
700 1 |a Gallego Abaroa, Elena 
740 0 |a vLex Libros (Servicio en ln̕ea) 
856 4 0 |u https://app.vlex.com/#/sources/35763  |z Acceso restringido 
942 |c BOOK 
999 0 |a Economy and business